Bản lĩnh thanh niên sinh viên ngày nay /

Uloženo v:
Podrobná bibliografie
Hlavní autor: Dương Tự Đam
Médium: Sách giấy
Jazyk:Vietnamese
Vydáno: Hà Nội : Thanh niên , 2000
Tagy: Přidat tag
Žádné tagy, Buďte první, kdo otaguje tento záznam!
Thư viện lưu trữ: Thư viện Trường Đại học Đà Lạt
LEADER 00569nam a2200241 4500
001 DLU020017491
005 ##3/29/2001
020 # # |a 978- 
041 # # |a vie 
082 # # |a 378.001  |b DU-D 
100 # # |a Dương Tự Đam 
245 # # |a Bản lĩnh thanh niên sinh viên ngày nay /  |c Dương tự Đam 
260 # # |a Hà Nội :  |b Thanh niên ,  |c 2000 
300 # # |a 76 tr.;   |c 19 cm. 
992 # # |a 8000 
994 # # |a DLU 
900 # # |a False 
911 # # |a Administrator 
925 # # |a G 
926 # # |a A 
927 # # |a SH 
980 # # |a Thư viện Trường Đại học Đà Lạt